000 00287nam a2200121Ia 4500
008 190216s9999||||xx |||||||||||||| ||und||
100 _aManish Kumar
245 0 _aHindi - Lauhpurush Sardar Bhalla Bhbhai Patel
260 _bGrami
_c2007
300 _a80
650 _aHindi
942 _cBK
999 _c16454
_d16454